Normal view
MARC view
Entry Personal Name
001 - CONTROL NUMBER
- control field: 51485
003 - CONTROL NUMBER IDENTIFIER
- control field: ARRUPE
005 - DATE AND TIME OF LATEST TRANSACTION
- control field: 20220506095354.0
008 - FIXED-LENGTH DATA ELEMENTS
- fixed length control field: 220506|| aca||aabn | a|a d
040 ## - CATALOGING SOURCE
- Original cataloging agency: ARRUPE
- Transcribing agency: ARRUPE
100 ## - HEADING--PERSONAL NAME
- Personal name: Kay, David C.,
- Dates associated with a name: 1933-
670 ## - SOURCE DATA FOUND
- Source citation: Work cat.: (ARRUPE)131377: Young, Margaret Levine. 51483, WordPerfect for Windows for dummies /, c1993.